Statistiche per Classifica Scarpa d'Oro 2004

Clicka qui per fare il quiz!

Statistiche generali

  • Questo quiz è stato fatto 9 volte
  • Il punteggio medio è 5 su 13

Statistiche sulle risposte

GolCoefficiente UEFAPuntiNazioneSquadraCalciatore% Corretto
24x248BrasileReal MadridRonaldo
100%
30x260FranciaArsenalThierry Henry
100%
24x248UcrainaMilanAndrij Ševčenko
89%
22x244InghilterraNewcastle UtdAlan Shearer
56%
23x246ItaliaParmaAlberto Gilardino
56%
30x1,545SveziaCelticHenrik Larsson
56%
23x246Paesi BassiBayern MonacoRoy Makaay
33%
31x1,546,5Serbia e MontenegroPSVMateja Kežman
11%
28x256BrasileWerder BremaAílton
0%
45x145ArmeniaBanantsAra Hakobyan
0%
26x252FranciaAuxerreDjibril Cissé
0%
28x1,542BelgioExcelsior MoeskroenLuigi Pieroni
0%
27x1,540,5AustiaGrazer AKRoland Kollmann
0%

Distribuzione punteggi

Percentile per numero di risposta

Percentuale di utenti per punteggio

I tuoi punteggi nel tempo

Non hai fatto questo quiz